[Event "Copenhagen Challenge IM 2020"]
[Site "Ballerup"]
[Date "2020.07.23"]
[Round "2.9"]
[White "Hove, Esben Kjems"]
[Black "Akdag, Dara"]
[Result "1-0"]
[WhiteElo "2324"]
[BlackElo "2244"]
[Annotator "TA"]
[PlyCount "71"]
[EventDate "2020.07.22"]
[EventType "tourn"]
[EventCountry "DEN"]
[SourceTitle "playchess.com"]
[Source "ChessBase"]
[SourceQuality "1"]

{[%evp 16,70,-7,-8,-19,-21,10,18,18,0,0,0,8,-17,-29,-32,-14,-15,0,-17,0,-9,0,0,0,0,0,0,0,2,2,-16,-21,-13,-14,-29,-33,-33,34,31,41,37,68,0,0,0,29,18,36,42,64,27,147,122,224,200,29999]} 1. d4 Nf6 2. Nf3 c5 3. g3 cxd4 4. Nxd4 e5 5. Nb3 d5 6. Bg2 Nc6 7. O-O Be7 8. Bg5 Be6 9. Nc3 d4 {A43: Schmid Benoni.} 10. Bxf6 Bxf6 11. Ne4 Be7 {The position is equal.} 12. c3 {[#]} O-O $146 ({Predecessor:} 12... Qb6 13. cxd4 Rd8 14. Nec5 Bc8 15. Na4 Qa6 16. Nc3 Nxd4 17. Nxd4 Rxd4 18. Qc2 Be6 {1-0 (53) Panchanathan,M (2541)-Georgiadis,N (2479) Arlington 2015}) 13. cxd4 Nxd4 14. Nxd4 exd4 15. Qd3 Qb6 16. b3 a5 17. Rab1 Rfd8 18. Nd2 Qa7 19. Qb5 Rac8 20. Rfc1 b6 21. Rxc8 Rxc8 22. Rd1 Qc7 {[#] Hoping for ...Qc2.} 23. Nf1 Bc5 24. Bf3 Bf5 25. Nd2 {[%cal Bf1d2,Bd2e4,Be4g3,Bg3h5][%mdl 32]} Qe7 26. Qa6 g5 (26... Re8 $15) 27. g4 $14 Bd7 28. Ne4 h5 29. h3 ({Better is} 29. gxh5 $14 Bf5 30. Nxc5 Qxc5 31. Qb7) 29... hxg4 $11 30. hxg4 Kg7 31. Ng3 Rh8 32. Qb7 Qd6 {With the idea ...d3!} 33. Nh5+ Kg6 (33... Rxh5 $1 $11 34. gxh5 g4) 34. Kg2 f5 (34... Rxh5 $16 35. gxh5+ Kh6) 35. gxf5+ $18 Bxf5 $2 {[#]} (35... Kf7 $18 36. Ng3 g4 37. Bd5+ (37. Bxg4 Qc6+ 38. Qxc6 Bxc6+ 39. Bf3 Bd7 $18) 37... Ke7) 36. Qg7# {Accuracy: White = 89%, Black = 63%.} 1-0

[Event "Copenhagen Challenge IM 2020"]
[Site "Ballerup"]
[Date "2020.07.23"]
[Round "2.10"]
[White "Jepson, Christian"]
[Black "Brynell, Stellan"]
[Result "1/2-1/2"]
[WhiteElo "2377"]
[BlackElo "2414"]
[Annotator "TA"]
[PlyCount "58"]
[EventDate "2020.07.22"]
[EventType "tourn"]
[EventCountry "DEN"]
[SourceTitle "playchess.com"]
[Source "ChessBase"]
[SourceQuality "1"]

{[%evp 23,58,37,50,36,33,32,44,37,63,25,34,31,33,27,62,43,45,42,56,59,61,55,56,35,38,35,56,59,62,56,60,0,60,0,64,0,64]} 1. Nf3 Nf6 2. c4 b6 3. g3 Bb7 4. Bg2 c5 5. O-O g6 6. b3 Bg7 7. Bb2 O-O 8. Nc3 Nc6 9. d4 Nxd4 10. Nxd4 Bxg2 11. Kxg2 cxd4 12. Qxd4 d6 13. Nd5 {A30: Symmetrical English: Double Fianchetto and Hedgehog.} Ne8 14. Qd2 Bxb2 15. Qxb2 {White is slightly better.} e6 {[#]} 16. Nb4 $146 ({Predecessor:} 16. Nf4 Qf6 17. Qxf6 Nxf6 18. Rfd1 Rfd8 19. f3 g5 20. Nh3 h6 21. e4 Kf8 22. Rd2 {½-½ (33) Mthunzi,B (2051)-Swartz,D (1954) Johannesburg 2018}) 16... a5 17. Nd3 Qf6 18. Rfd1 Rb8 19. Rac1 (19. f3 {seems wilder.} Qe7 20. Rac1 Nf6 21. e4 Nd7 22. Nf4) 19... Qxb2 20. Nxb2 f5 21. Na4 Rf7 22. Nc3 Rd7 23. Rd3 Kf7 24. e4 Nc7 25. Rcd1 Ke7 26. Re1 Kf7 27. Red1 Ke7 $1 28. Re1 Kf7 29. Red1 Ke7 $1 {Accuracy: White = 92%, Black = 95%.} 1/2-1/2

[Event "Copenhagen Challenge IM 2020"]
[Site "Ballerup"]
[Date "2020.07.23"]
[Round "3.6"]
[White "Brynell, Stellan"]
[Black "Heimisson, Hilmir Freyr"]
[Result "1/2-1/2"]
[WhiteElo "2414"]
[BlackElo "2309"]
[Annotator "TA"]
[PlyCount "110"]
[EventDate "2020.07.22"]
[EventType "tourn"]
[EventCountry "DEN"]
[SourceTitle "playchess.com"]
[Source "ChessBase"]
[SourceQuality "1"]

{[%evp 19,110,28,19,6,9,14,56,51,47,55,96,85,75,77,124,120,162,172,151,167,188,172,246,241,251,258,284,183,252,235,259,245,272,266,490,497,565,543,584,467,460,452,480,472,486,413,425,397,429,416,450,391,494,492,472,350,484,490,507,508,506,502,481,350,326,181,234,236,522,537,493,505,461,211,646,643,818,779,1018,533,511,282,281,261,292,195,191,0,0,0,0,0,0]} 1. d4 Nf6 2. Nf3 d5 3. c4 e6 4. g3 Be7 5. Bg2 O-O 6. O-O dxc4 7. Ne5 Nc6 8. Bxc6 bxc6 9. Nxc6 Qe8 10. Nxe7+ Qxe7 11. b3 {aiming for Ba3. E05: Open Catalan: 5 Nf3 Be7.} Rd8 12. bxc4 c5 13. Ba3 {White is slightly better.} Qc7 14. Bxc5 {[#] And now Nd2 would win.} e5 $146 {[#]} ({Predecessor:} 14... Ne4 15. Qb3 Bb7 16. Qa3 Rdc8 17. Rd1 e5 18. Nc3 Nxc3 19. Qxc3 exd4 20. Bxd4 Qc6 {½-½ (82) Vallejo Pons,F (2710)-Harikrishna,P (2750) Moscow 2017}) 15. Qd3 $1 Bh3 16. Rc1 Rd7 17. Nd2 Rad8 {[#]} 18. Nb3 $1 a5 19. a4 exd4 20. Bxd4 Qc8 (20... Re8 $142 21. c5 Rdd8) 21. f3 $18 Re7 22. Ra2 Rde8 23. e3 Qa8 (23... h6 {was called for.} 24. Qc3 (24. Nxa5 Qa8 $14) 24... Nh7) 24. Rf2 h5 25. Qc3 h4 26. Qxa5 ({Weaker is} 26. gxh4 Ne4 $16) 26... Qb8 $2 {[#]} (26... Qxa5 {is a better defense.} 27. Nxa5 Ra8) 27. Qg5 $1 Re6 28. Nc5 Re5 29. Qxh4 Rh5 30. Qf4 Qc8 31. Nd3 Nh7 32. Qd6 Rh6 33. Qc5 Rc6 34. Qb5 Bf5 35. Ne5 Rh6 36. e4 Be6 37. Qc6 Qd8 38. Be3 Rh5 39. Rd2 Qb8 40. f4 Nf6 41. Rcd1 Kh7 42. Nf3 (42. a5 $142 {a6 is the strong threat.} Rc8 43. Qb6) 42... Rc8 43. Qb6 Qa8 $2 (43... Nxe4 44. Rd8 Qa8) 44. Ng5+ Rxg5 45. fxg5 Nxe4 46. Rd8 (46. Rd4 $142) 46... Qxa4 $2 (46... Nc3 47. R1d2 Qe4) 47. Qb1 Rxc4 48. R1d4 {Qxe4+ would kill now.} Bf5 49. Rxc4 Qxc4 50. Rd4 Qe6 51. Qc1 Qe5 52. Rb4 Nxg3 {Hoping for ...Ne2+.} 53. hxg3 $2 (53. Rh4+ $18 Kg8 54. Qc5 Qxc5 55. Bxc5) 53... Qxg3+ $11 {The position is equal.} 54. Kh1 Qh3+ 55. Kg1 Qg3+ {Accuracy: White = 63%, Black = 43%.} 1/2-1/2

[Event "Copenhagen Challenge IM 2020"]
[Site "Ballerup"]
[Date "2020.07.23"]
[Round "3.7"]
[White "Nielsen, Viktor Haarmark"]
[Black "Hove, Esben Kjems"]
[Result "1-0"]
[WhiteElo "2301"]
[BlackElo "2324"]
[Annotator "TA"]
[PlyCount "97"]
[EventDate "2020.07.22"]
[EventType "tourn"]
[EventCountry "DEN"]
[SourceTitle "playchess.com"]
[Source "ChessBase"]
[SourceQuality "1"]

{[%evp 26,97,0,0,37,37,37,34,39,-7,13,0,0,-95,0,0,0,0,0,-10,7,0,72,39,67,61,95,6,133,126,110,132,128,132,186,34,43,41,42,33,50,43,107,116,220,189,216,221,227,220,266,260,278,276,272,254,288,301,285,281,395,386,566,547,766,727,929,850,814,750,931,911,1260,1210]} 1. e4 c6 2. d4 d5 3. Nd2 dxe4 4. Nxe4 Bf5 5. Ng3 Bg6 6. h4 h6 7. Nf3 Nd7 8. h5 Bh7 9. Bd3 Bxd3 10. Qxd3 Ngf6 11. Bd2 e6 12. O-O-O Be7 13. Kb1 O-O {13...Qb6 is more advanced technology.} 14. Ne4 Nxe4 {B19: Classical Caro-Kann: 4...Bf5 main line.} 15. Qxe4 Nf6 16. Qe2 Qd5 {White is slightly better.} 17. Be3 b5 18. Nd2 a5 {[%cal Ba7a5,Ba5a4,Ba4a3][%mdl 32] [#]} 19. c3 $146 (19. Rhg1 $11 {remains equal.}) ({Predecessor:} 19. g4 a4 20. Rhg1 Nd7 21. f3 Nb6 22. Ne4 Qc4 23. Qg2 f6 24. Rd3 Nd5 25. Bd2 {½-½ (80) Zwahr,P (2362)-Lechtynsky,J (2366) Germany 2015}) 19... c5 ({Don't go for} 19... Qxg2 $2 20. Rdg1 $18) ({Black should try} 19... b4 $17 20. c4 Qf5+ 21. Ka1 a4) 20. Qxb5 $11 {[%cal Rd4c5]} Qf5+ 21. Ka1 {[%cal Rd4c5]} a4 {And now ...a3 would win.} 22. Nb1 {[%cal Rd4c5]} a3 23. b3 {[%cal Rd4c5]} Ne4 (23... Nd5 $11) 24. Qd3 cxd4 25. Bxd4 Rfd8 26. Nd2 ({Better is} 26. Rhe1 $16 Nd6 27. Qe2) 26... Nd6 (26... Rxd4 $1 $11 27. cxd4 Nxf2 {[%mdl 64] Double Attack} 28. Qxf5 exf5) 27. Qxf5 $16 Nxf5 28. Be5 f6 29. Bh2 e5 (29... Rac8 $16) 30. Ne4 $2 (30. Kb1 $18) 30... Nh4 $1 $14 31. g4 Nf3 32. Bg3 Kf7 33. Kb1 $1 Ke6 {[#] White stays focused until the end.} (33... g6 $1 $14) 34. Kc2 $1 $16 Rdc8 (34... Rxd1 $16 35. Rxd1 g6) 35. Nd2 Nd4+ 36. Kd3 Nb5 {[#]} 37. Nc4 $1 Bc5 38. Kc2 Rd8 39. Rhe1 Rxd1 40. Rxd1 Nd6 41. Nxd6 Bxd6 $18 {[%mdl 4096] Endgame KRB-KRB} 42. b4 Be7 (42... g6 {is a better defense.} 43. hxg6 Rg8) 43. f4 Bd6 (43... f5 $142 44. gxf5+ (44. fxe5 fxg4 45. Rd4 g5 $16) 44... Kxf5 45. fxe5 g5 46. hxg6 Kxg6) 44. f5+ {White is clearly winning.} Ke7 45. Kb3 Kd7 46. c4 Kc7 47. Bf2 e4 48. Be3 Be5 49. b5 {Accuracy: White = 77%, Black = 35%.} 1-0

[Event "Copenhagen Challenge IM 2020"]
[Site "Ballerup"]
[Date "2020.07.23"]
[Round "3.8"]
[White "Brondt, Nicolai Kvist"]
[Black "Vinter-Schou, Uffe"]
[Result "1-0"]
[WhiteElo "2223"]
[BlackElo "2349"]
[Annotator "TA"]
[PlyCount "83"]
[EventDate "2020.07.22"]
[EventType "tourn"]
[EventCountry "DEN"]
[SourceTitle "playchess.com"]
[Source "ChessBase"]
[SourceQuality "1"]

{[%evp 23,83,0,0,-14,-8,-18,-15,-8,-10,-11,0,0,12,0,0,4,4,0,0,-40,-14,-29,166,173,193,200,185,212,200,191,164,138,206,198,206,172,223,229,273,232,227,226,225,230,254,245,257,204,197,194,482,487,417,462,780,749,787,788,755,745,641,566]} 1. d4 Nf6 2. c4 e6 3. Nc3 Bb4 4. e3 c5 5. Bd3 cxd4 6. exd4 d5 7. Nge2 dxc4 8. Bxc4 O-O 9. O-O Nc6 10. Qd3 Na5 11. Bb5 Bd7 12. Bg5 Be7 13. Rfd1 {E48: Nimzo-Indian: Rubinstein: 5 Bd3 d5 including 6 Ne2, but excluding 6 a3.} Bxb5 14. Qxb5 a6 15. Qd3 {The position is equal.} Rc8 16. Qf3 {[#]} Qb6 $146 ({Predecessor:} 16... Re8 17. Bxf6 Bxf6 18. Ne4 Be7 19. N2c3 Qb6 20. d5 exd5 21. Nxd5 Qxb2 22. Qf5 Nc6 {1-0 (36) Mastrovasilis,A (2544)-Parligras,M (2587) Reykjavik 2015}) 17. d5 exd5 18. Bxf6 Bxf6 19. Nxd5 Qxb2 20. Rab1 Qe5 21. Nef4 Rfe8 22. Nh5 Bg5 $2 {[#] Loses the game.} (22... Bd8 $1 $11 {and Black is okay.}) 23. Qg4 $1 $36 {[%mdl 2048] Strongly threatening f4. White is really pushing.} g6 24. f4 {[%mdl 64] Double Attack} gxh5 25. Qxc8 $1 (25. fxe5 $2 {perishes.} hxg4 26. Nf6+ Bxf6 $19) 25... Rxc8 26. fxe5 Kg7 27. Rb2 Nc4 (27... Re8 $16) 28. Rxb7 {Black must now prevent e6.} Nxe5 29. Nc7 Be3+ (29... Kg6 {was necessary.} 30. h3 (30. Nxa6 Be3+ 31. Kf1 Rc2 $14) 30... a5) 30. Kf1 Kg6 31. Nd5 {aiming for Ne7+.} ({Not} 31. Nxa6 Rc2 $11) 31... Bg5 32. Ne7+ Bxe7 33. Rxe7 {[%mdl 4096] Endgame KRR-KRN} f6 34. Re6 a5 35. Rd2 Rc1+ {[#]} 36. Ke2 $1 Nc4 $2 (36... a4 37. Ra6 Rc4) 37. Rc6 Rc3 38. Rd4 Re3+ (38... Rc2+ $142 39. Kd3 {[%mdl 64] Double Attack} Ne5+ 40. Kxc2 Nxc6) 39. Kf2 Ne5 {[#]} 40. Rxf6+ $1 {[%mdl 512]} Kxf6 41. Kxe3 Ng4+ 42. Ke4 {Accuracy: White = 90%, Black = 56%.} 1-0

[Event "Copenhagen Challenge IM 2020"]
[Site "Ballerup"]
[Date "2020.07.23"]
[Round "3.9"]
[White "Ingebretsen, Jens E"]
[Black "Jepson, Christian"]
[Result "1/2-1/2"]
[WhiteElo "2182"]
[BlackElo "2377"]
[Annotator "TA"]
[PlyCount "74"]
[EventDate "2020.07.22"]
[EventType "tourn"]
[EventCountry "DEN"]
[SourceTitle "playchess.com"]
[Source "ChessBase"]
[SourceQuality "1"]

{[%evp 17,74,31,49,19,75,68,56,58,52,40,46,48,44,47,31,41,43,-41,-58,-47,-41,-45,0,-43,-50,-40,-8,-112,-105,-145,-140,-147,-143,-161,-122,-144,-90,-122,0,0,0,-183,-102,-171,-8,-8,-6,-10,0,0,0,0,0,0,0,0,0,3,92]} 1. e4 g6 2. d4 Bg7 3. Nf3 d6 4. Nc3 Nf6 5. Be2 O-O 6. O-O c6 7. a4 Nbd7 8. h3 Qc7 9. a5 Rb8 {is the legacy move (9...e5).} 10. Be3 {B08: Pirc Defence: Classical System.} Re8 (10... b5 $11) 11. Qd2 $16 b5 {Threatening ...b4.} 12. axb6 $1 {White is slightly better.} axb6 13. e5 dxe5 14. dxe5 Nd5 $1 15. Nxd5 cxd5 {[#]} 16. Bb5 $146 ({Predecessor:} 16. e6 fxe6 17. Nd4 Nc5 18. Nb5 Qd8 19. Qb4 Bd7 20. Rfd1 Rf8 21. Bf3 Qe8 22. Nc3 {1-0 (35) Dimic,P (2034)-Lazic,Z (2216) Obrenovac 2011}) 16... Rf8 17. Rfe1 (17. Bxd7 $14 Bxd7 18. Bh6 (18. Qxd5 Bc6 $11)) 17... Nxe5 $15 18. Nxe5 Bxe5 19. Bh6 Bg7 20. Ra4 Bxh6 21. Qxh6 f6 22. c4 (22. Rd4 $11) 22... d4 $1 $17 23. c5 bxc5 {[%mdl 64] Discovered Attack} 24. Bc4+ e6 $1 25. b3 Rb6 26. Ra8 {White threatens Rxe6! and mate.} Qg7 (26... Qe7 $142 27. f3 Rd8) 27. Qd2 {Hoping for Rxc8!} Kh8 ({Better is} 27... Qb7 $17 28. Qa5 Rc6) 28. Qa5 $11 Rc6 29. Rb8 $2 {[#]} (29. Ra7 $11 Rf7 30. Ra8) 29... Qc7 (29... e5 $1 $19 30. Ra1 Qe7) 30. Qa8 {[#]} (30. Qxc7 $17 Rxc7 31. Ra1) 30... Rb6 $2 (30... e5 $1 $19 31. Ra1 Rb6 32. Rxb6 Qxb6) 31. Rxb6 {The position is equal.} Qxb6 32. Rxe6 $1 Qb7 33. Qxb7 Bxb7 34. Re7 Bc8 35. Rc7 Bf5 {...d3 is the strong threat.} 36. Rxc5 Bc2 {next ...Rd8 is good for Black.} 37. Rd5 d3 {Accuracy: White = 60%, Black = 57%.} (37... Rb8 $11 {keeps the balance.}) 1/2-1/2

[Event "Copenhagen Challenge IM 2020"]
[Site "Ballerup"]
[Date "2020.07.23"]
[Round "3.10"]
[White "Akdag, Dara"]
[Black "Vesterli, Michael E."]
[Result "1/2-1/2"]
[WhiteElo "2244"]
[BlackElo "2266"]
[Annotator "TA"]
[PlyCount "117"]
[EventDate "2020.07.22"]
[EventType "tourn"]
[EventCountry "DEN"]
[SourceTitle "playchess.com"]
[Source "ChessBase"]
[SourceQuality "1"]

{[%evp 10,117,-9,-8,10,-31,-31,-47,-48,-44,-34,-39,0,0,0,0,41,29,44,-3,-9,0,84,45,50,-37,-54,-25,1,-31,-16,-13,38,-12,46,59,59,45,77,56,68,4,0,-9,0,0,0,0,0,0,12,-33,-23,-27,-21,-158,-155,-152,-152,-249,-232,-243,-117,-87,-94,-139,-113,-124,-122,-194,-185,-598,-593,-701,-623,-1430,-821,-1227,-779,-645,-30,-73,-9,-9,-9,-10,0,0,0,0,0,-14,0,-44,-51,-165,-63,-280,-264,-337,-327,-345,-342,-372,0,-212,0,-356,0,-213]} 1. f4 d5 2. Nf3 g6 3. g3 Bg7 4. Bg2 Nf6 5. O-O O-O 6. d3 Nbd7 {A03: Bird's Opening with 1...d5.} 7. c3 Re8 {[#]} 8. Nh4 $146 ({Predecessor:} 8. Nbd2 e5 9. Re1 Qe7 10. fxe5 Nxe5 11. Nxe5 Qxe5 12. e4 dxe4 13. dxe4 Qc5+ 14. Kh1 {0-1 (21) Valls,L (1669)-Vilarino,L (1855) Montevideo 2016}) 8... c6 {Black is slightly better.} 9. e4 Qb6+ 10. Kh1 {Threatening e5.} dxe4 11. dxe4 e5 12. f5 Rd8 13. Qe2 a5 14. fxg6 hxg6 15. Bg5 ({Not} 15. Qc4 $2 Nc5 $17) 15... c5 (15... Qc5 $11 {remains equal.}) 16. Na3 ({Stronger than} 16. Qc4 Qxb2 17. Qb3 Qxb3 $17) 16... Nf8 17. Qf2 (17. Nc4 $14 Qa6 18. Qf2) 17... N8h7 $15 18. Be3 Bf8 19. h3 Be6 20. Qe2 Qa6 (20... Rd7 $11) 21. Nb5 Rd7 (21... Ne8 $11) 22. c4 $14 a4 23. Rad1 (23. Kh2 {is more complex.} Ne8 24. b3 b6 25. Nc3 Nd6 26. Nf3) 23... Rad8 {aiming for ...Rxd1.} 24. Rxd7 Rxd7 25. Bc1 (25. b3 $14) 25... Ne8 $1 $11 26. Nf3 Bg7 27. b3 Nd6 28. Nc3 axb3 29. axb3 Qa5 30. Bb2 Qb4 $36 {[%mdl 2048] Black is more active.} 31. Qc2 b5 32. Nd5 (32. Nxe5 $11 Bxe5 33. Na2) 32... Bxd5 $1 $17 33. exd5 {And now Bc3 would win.} bxc4 34. Nxe5 (34. bxc4 $17 Qxc4 35. Qf2) 34... cxb3 $19 35. Qc1 Rc7 (35... Rb7 $19 {is more deadly.} 36. Rf4 Qb5) 36. Nc6 $17 Qc4 37. Qa1 Bxb2 38. Qxb2 Ng5 $1 {[%cal Rg5e4] Threatens to win with ...Nge4.} 39. Ra1 (39. Na5 $17 {keeps fighting.} Qb5 40. Qxb3) 39... Kh7 $1 $19 {White must now prevent ...Nge4.} ({Don't do} 39... Qc2 40. Qxc2 bxc2 41. Rc1 $15) 40. Qe5 $2 (40. Na5 {is a better chance.} Qd3 41. Qxb3) 40... Nge4 41. Ra8 {[%csl Ga8][%cal Re5h8]} f6 42. Qe6 Rg7 43. Rb8 b2 44. Kh2 {[#]} f5 $2 ({Black should try} 44... b1=Q $1 $19 {[%mdl 512]} 45. Rxb1 Qd3 {[%mdl 64] Double Attack}) 45. Rxb2 $11 Qc3 (45... Qd3 $17 46. Bxe4 Nxe4) 46. Qe5 Qxe5 47. Nxe5 Rc7 {White should prevent ...c4.} 48. Rb6 {Hoping for Bxe4.} Re7 49. Nd3 c4 50. Nb4 c3 51. Rc6 Rb7 52. Nd3 {[#]} (52. Na2 $1 $15) 52... Kg7 (52... Rb5 $1 $19 53. Nf4 Rb2) 53. Nc5 $2 ({Better is} 53. h4 $15) 53... Rb2 $19 54. Rc7+ Kf6 {...Nxc5 is the strong threat.} 55. Nd7+ Ke7 56. Ne5+ Kf6 (56... Kd8 $142 57. Rc6 Rd2) 57. Nd7+ {[#]} Ke7 (57... Kf7 $142 $1 58. Ne5+ {[%mdl 64] Discovered Attack (Double check)} Kf6 59. Nd7+) 58. Ne5+ $1 Kf6 (58... Kd8 $142 59. Rc6 Rd2) 59. Nd7+ {Accuracy: White = 45%, Black = 60%.} 1/2-1/2

[Event "Copenhagen Challenge IM 2020"]
[Site "Ballerup"]
[Date "2020.07.24"]
[Round "4.6"]
[White "Heimisson, Hilmir Freyr"]
[Black "Ingebretsen, Jens E"]
[Result "0-1"]
[WhiteElo "2309"]
[BlackElo "2182"]
[Annotator "TA"]
[PlyCount "146"]
[EventDate "2020.07.22"]
[EventType "tourn"]
[EventCountry "DEN"]
[SourceTitle "playchess.com"]
[Source "ChessBase"]
[SourceQuality "1"]

{[%evp 19,146,24,28,34,33,17,10,25,48,45,63,48,100,92,104,63,78,36,76,54,66,66,104,120,131,114,107,20,28,28,31,28,28,36,257,262,549,543,278,237,465,468,822,822,29988,497,491,0,0,0,0,0,0,-230,-44,-49,-57,-54,0,0,0,0,0,0,0,0,0,0,0,-78,-84,-76,-65,-87,0,0,0,0,0,0,0,0,0,0,0,-20,-21,-1020,-1045,-704,-532,-7903,-1489,-5606,-5013,-1879,-893,-845,-735,-5518,-5518,-29965,-29964,-29969,-29970,-29970,-29971,-29971,-29972,-29972,-29973,-29972,-29974,-29974,-29975,-29975,-29976,-29977,-29978,-29978,-29979,-29979,-29980,-29982,-29983,-29983,-29984,-29984,-29985]} 1. Nf3 Nf6 2. c4 c5 3. d4 cxd4 4. Nxd4 e6 5. Nc3 a6 6. g3 Qc7 7. Bg2 Qxc4 8. O-O Be7 9. e4 d6 10. Be3 Qc7 11. Rc1 {A32: Symmetrical English: 2 Nf3 Nf6 3 d4 cxd4 4 Nxd4 e6.} Qd8 $1 12. Qe2 {[%mdl 1024] White has compensation.} O-O 13. Rfd1 {[#] Threatens to win with e5!The position is equal.} Nbd7 $146 ({Predecessor:} 13... Qe8 14. f4 Nc6 15. Nb3 Bd7 16. Bb6 Qb8 17. Kh1 Rc8 18. Nd2 Na7 19. Nc4 Nb5 {0-1 (44) Gusev,N (2253)-Chandran,K (2393) Toronto 2018}) 14. f4 Rb8 15. Kh1 g6 (15... Ne8 $14) 16. e5 $1 $16 {[%cal Re5f6]} Ne8 17. exd6 Nxd6 18. Nf3 Qa5 19. Ba7 Ra8 20. Bf2 Re8 21. Ne5 Nxe5 22. fxe5 (22. Qxe5 Qxe5 23. fxe5 Nc4 $11) 22... Nf5 23. b4 (23. Be1 $16) 23... Qxb4 $11 24. g4 Nh4 25. Bxh4 Bxh4 26. Ne4 {And now g5 would win.} Be7 $2 (26... h6 $1 $14) 27. Qf3 $18 Qa5 $2 (27... Rf8 $6 28. Rc7 $16) (27... Bd8 28. Nd6 {[%mdl 64] Double Attack, Discovered Attack} Rf8) 28. Qf4 $1 h6 29. h4 Rf8 $2 {[#]} (29... Kg7 30. Nf6 (30. Rf1 Rf8 $16) 30... Rf8) 30. Rc5 $3 {[%mdl 512]} g5 (30... Bxc5 31. Qxh6 f6 32. Qxg6+ Kh8 33. Nxf6 Rxf6 34. exf6 Bf8 35. f7 Qg5 36. Qxg5 Kh7 37. Be4+ Kh8 38. Qg8#) (30... Qxc5 $142 31. Nxc5 Bxc5 32. Qxh6 Ra7) 31. hxg5 hxg5 32. Qh2 (32. Nf6+ $142 Bxf6 33. Qxf6 Qb4 34. Qxg5+ Kh8 35. Qh6+ Kg8 36. Qg5+ Kh8 37. Qh6+ Kg8 38. Rc7) 32... Qa4 {[#]} 33. Rd3 $2 (33. Rf1 $1 $18 {[%mdl 512] Qh6! would kill now.} Kg7 34. Qh5 $1 {[%mdl 512]}) 33... Kg7 $1 $11 (33... Qxa2 $2 34. Rc1 $18) 34. Nf6 {[%csl Gf6][%cal Rh2h7]} Rh8 35. Nh5+ Kf8 36. Qg3 $2 (36. Rc7 $11) 36... Bxc5 $2 (36... Qxa2 37. Rc7 $11) (36... Bd7 $1 $19 37. Rc1 Be8) 37. Rd8+ $15 Ke7 38. Rxh8 {[#]} Qd1+ (38... Qxa2 $2 39. Qe1 $18) ({Black should try} 38... Qd4 $1 $15 39. Kh2 Kd7) 39. Kh2 $11 {Nf6 is the strong threat.} Kd7 40. Nf6+ Kc7 41. Kh3 (41. Qc3 Qd4 $17) 41... Rb8 42. Ne8+ Kb6 43. Nd6 {[%mdl 64] Double Attack} Kc7 44. Ne4 (44. Qc3 $11 Qd4 45. Qa5+ b6 46. Ne8+ Kd8 47. Nf6+ Kc7 48. Ne8+ Kd8 49. Nf6+ Kc7 50. Ne8+) 44... Qc2 $1 $17 45. Qf3 Bd7 $1 46. Rh7 (46. Rxb8 $2 Kxb8 47. Nxg5 Bc6 $19) 46... Bc6 ({Black should play} 46... Rd8 $17 47. Qxf7 Qd3+ 48. Qf3 Qxf3+ 49. Bxf3 Be3) 47. Qxf7+ $11 {[%mdl 64] Double Attack} Kb6 48. Qc7+ {[%mdl 64] Double Attack} Kb5 $1 ({Don't blunder} 48... Ka7 $2 49. Qxc6 Qd3+ 50. Kh2 $18) 49. Qxb8 (49. Bf1+ Ka4 $1 $19 {[%mdl 512]}) 49... Bxe4 $40 {[%csl Ge4][%cal Rc2g2][%mdl 128] Black attacks.} 50. Rxb7+ Bxb7 51. Qxb7+ Ka5 52. Qc7+ Kb4 {Hoping for ...Qc3+.} 53. Qb8+ $2 {[%mdl 8192] [#]} (53. Qb7+ $11 Kc3 54. Bf1) 53... Ka3 $1 $19 {( -> ...Qh7+)} 54. Qb7 Qd3+ 55. Bf3 Kxa2 56. Qc6 Kb2 57. Kg2 Qd2+ 58. Kh3 Qe3 ({Weaker is} 58... Qf2 59. Bd1 $17) 59. Qb7+ Kc1 60. Kg2 a5 {[%cal Ba6a5,Ba5a4,Ba4a3][%mdl 32] Black mates.} 61. Qe4 Qxe4 62. Bxe4 {[%mdl 4096] Endgame KB-KB} a4 63. Bd3 a3 64. Bc4 Bd4 65. Kf3 Bxe5 66. Ke4 Bf4 67. Bxe6 Kb2 68. Kf3 a2 69. Bxa2 Kxa2 70. Kg2 Kb3 71. Kh3 Kc4 72. Kg2 Kd4 73. Kf3 Bb8 {What a bad dream for White. Accuracy: White = 71%, Black = 69%.} 0-1